| 000 | 00438cam a2200181ua 4500 | ||
|---|---|---|---|
| 020 | _cRs 5.00 | ||
| 041 |
_ahin _h |
||
| 082 |
_a891.43 _bRAN/UP |
||
| 100 | _aRanghnath, . | ||
| 245 |
_aUpanyasam our un ka upanayasam / _cRanghnath. _hTextual Documents |
||
| 250 |
_a1 / _b. |
||
| 260 |
_a : _bNaralal Pallika Hasa , _c1963. |
||
| 300 | _a230 ; . | ||
| 365 | _aRs 5.00 | ||
| 504 | _a | ||
| 942 | _cBK | ||
| 999 |
_c2583 _d2583 |
||